[Event "Yerevan op 1st"]
[Site "Yerevan"]
[Date "2016.10.07"]
[Round "6"]
[White "Khachatryan, Anna"]
[Black "Hakobyan, Norayr"]
[Result "1/2-1/2"]
[WhiteElo "1717"]
[BlackElo "1489"]
[PlyCount "90"]
[EventDate "2016.10.02"]
[EventType "swiss"]
[EventRounds "9"]
[EventCountry "ARM"]
[SourceTitle "EXT 2017"]
[Source "ChessBase"]
[SourceDate "2016.10.25"]
[SourceVersion "1"]
[SourceVersionDate "2016.10.25"]
[SourceQuality "1"]

1. d4 d5 2. c4 e6 3. Nc3 Nf6 4. cxd5 exd5 5. Bg5 Nbd7 6. e3 Be7 7. Bd3 0-0 8. Nf3 c6 9. Qc2 Re8 10. 0-0 Nf8 11. Rab1 Ne4 12. Bxe7 Qxe7 13. Bxe4 dxe4 14. Nd2 f5 15. b4 a6 16. a4 Be6 17. b5 axb5 18. axb5 Red8 19. bxc6 bxc6 20. Na4 Bd5 21. Nc5 Rd6 22. Rb7 Qg5 23. Rfb1 Ng6 24. Rb8+ Rd8 25. Rxd8+ Qxd8 26. Qc3 Qg5 27. Nf1 f4 28. exf4 Nxf4 29. Ng3 Qxg3 30. Qxg3 Ne2+ 31. Kf1 Nxg3+ 32. hxg3 Ra2 33. Re1 Rd2 34. Nxe4 Rxd4 35. Ng5 Bc4+ 36. Kg1 Rd8 37. Rc1 Bd5 38. f4 Ra8 39. Rc2 Ra2 40. Rxa2 Bxa2 41. Kf2 Bd5 42. g4 h6 43. Nh3 Kf7 44. g3 Kf6 45. Ke3 g6 1/2-1/2